000 00757nam a22002057a 4500
999 _c4166
_d4166
003 AR-CdUCM
008 190308b ||||| |||| 00| 0 spa d
040 _aMUNICIPALIDAD PROVINCIAL DEL CUSCO
_cBIBLIOTECA MUNICIPAL DEL CUSCO
082 _a860 /
_bE78
100 _aEscajadillo, Tomas G
_96755
245 _aLa narrativa indigenista peruana /
260 _aLima :
_bEditorial mantaro,
_c1994.
300 _a333 paginas ;
_c20 cm.
505 _aContenido :Nota introductoria -- Un planteamiento general -- Reflexiones complementarias -- Notas acerca de la de la narrativa neo-indigenista posterior a 1971 ...
650 _aNovela peruana
_91234
650 _aHistoria y crítica
_95993
650 _aLiteratos
_9754
942 _2ddc
_cLIBROS
945 _arum